000 01031nam a2200313 i 4500
003 EG-GICUC
005 20260501221517.0
008 260501s1890 fr ||||fr|||| 000 0 fre d
040 _aEG-GiCUC
_cEG-GiCUC
_dEG-GiCUC
_eRda
_bfre
041 0 _afre
082 0 4 _221
_a343.84
_bLO.A
092 0 4 _221
099 _aLaw1 10 343.84 LO.A 1890
100 1 _aLombroso,Cesare
_eAuteur
245 1 2 _aL'anthropologie Criminelle Et SES Récents Progres /
_c Cesare Lombroso .
264 1 _aParis :
_bFélix Alcan, Éditeur,
_c1890 .
300 _a177 page ;
_c24 cm.
_billustration ;
336 _2rda contenu
_a texte
337 _2rda medias
_aOrdinateur
338 _2 transporteur rda
_a Ressource en ligne
504 _aBibliography: pages 200-250. 240-220
546 _aTexte en français
650 1 4 _aMédecine des maladies mentales et psychiques
_2qrmak
650 1 4 _aDroit pénal
_2qrmak
651 1 _2qrmak
856 4 0 _uhttps://fll.law.cu.edu.eg/fulltext/bks/B10-10957.pdf
905 _a60
942 _2ddc
_cBK
_e21
_n0
999 _c74688
_d74688